01460nam a22003494a 4500001001200000003000800012006001900020007001500039008004100054010001700095020003400112040002100146035002100167050002600188082002000214245016500234260006200399300002900461490004700490504005100537533015200588650004400740650002200784655002900806700001900835700002200854700002600876710001700902830004800919856012600967999001701093ebr10067255CaPaEBRm u cr cn|||||||||991029s2000 ne ab sb 001 0 eng  z 99056955  z0792361075 (hc. : alk. paper) aCaPaEBRcCaPaEBR a(OCoLC)64672264814aTD195.B56bB55 2000eb04a333.95/391422100aBiomass burning and its inter-relationships with the climate systemh[electronic resource] /cedited by John L. Innes, Martin Beniston and Michel M. Verstraete. aDordrecht ;aBoston :bKluwer Academic Publishers,c2000. ax, 358 p. :bill., maps.1 aAdvances in global change research ;vv. 3 aIncludes bibliographical references and index. aElectronic reproduction.bPalo Alto, Calif. :cebrary,d2013.nAvailable via World Wide Web.nAccess may be limited to ebrary affiliated libraries. 0aBurning of landxEnvironmental aspects. 0aClimatic changes. 7aElectronic books.2local1 aInnes, John L.1 aBeniston, Martin.1 aVerstraete, Michel M.2 aebrary, Inc. 0aAdvances in global change research ;vv. 3.40uhttp://site.ebrary.com/lib/rucke/Doc?id=10067255zAn electronic book accessible through the World Wide Web; click to view c49007d49007